00829 a2200193 4500003000500000005001700005040000900022082001600031100002500047245006900072260003700141300002900178505018800207600002500395650006100420942001200481999001900493952012300512Nust20230221122416.0 cNust a327.54, CHO aG.W. Choudhury91192 aIndia, Pakistan, Banglades, and the major powerscG.W. Choudhury aThe free pressbNew YorkcLondon axii, 276 pbillusc18 cm aThe Soviet Union And The Subcontinent (Page-5), The United States And The Subcontinent (Page-71), China And The Subcontinent (Page-145), Bangladesh And Continuing Tensions (Page-199). aG.W. Choudhury91192 aIndia, Pakistan, Banglades, and the major powers9109334 2ddccBK c184343d184343 00102ddc4070aMCSbMCScGENd2016-12-12o327.54,CHOpMCS1971r2016-12-08w2016-12-12yBKzAlmirah No.50, Shelf No.1